000 00278nam a2200121 a 4500
001 4140
005 20140414132022.0
008 090218s19uu xx 00 eng d
050 _aTR
_bH77 2000
100 _aWeinberger, Kimberly
245 _aHopsalots garden.
999 _c113482
_d113482